Ophthalmic Nursing

Saved in:
Bibliografiske detaljer
Hovedforfatter: KHURANA, A. K.
Format: Bog
Sprog:engelsk
Udgivet: CBS Publishers 2018
Tags: Tilføj Tag
Ingen Tags, Vær først til at tagge denne postø!

MARC

LEADER 00000nam a22000007a 4500
008 211125b ||||| |||| 00| 0 eng d
020 |a 8123907109 
100 |a KHURANA, A. K. 
245 |a Ophthalmic Nursing  |c A.K. Khurana  |g [x] 210p. 
260 |b CBS Publishers  |c 2018  |h New Delhi  |i 697120  |i 697121  |l RE88 .K52  |m Ophthalmic Nursing  |m Eye diseases ---- Nursing 
500 |a It includes index 
942 |a lcc  |c BK  |e Adeyeye Y. S.  |f 25/ 11/21 
952 |0 0  |1 0  |2 lcc  |4 0  |7 0  |9 3935  |a HOL  |b HOL  |c QZ  |d 2021-11-25  |o RE88 .K52  |p 2021-67701  |r 2021-11-25 00:00:00  |t 697120  |w 2021-11-25  |y BK 
952 |0 0  |1 0  |2 lcc  |4 0  |6 RE0088 K52  |7 0  |9 3936  |a HOL  |b HE  |c QZ  |d 2021-11-25  |o RE88 .K52  |p 2021-67658  |r 2021-11-25 00:00:00  |t 697121  |w 2021-11-25  |y BK 
999 |c 1969  |d 1969